Normal view MARC view
  • Discriminación

Entry Materia

Number of records used in: 31

001 - NÚMERO DE CONTROL DEL REGISTRO

  • campo de control: 21329

003 - IDENTIFICADOR DE NUMERO DE CONTROL

  • campo de control: MX-MxUPN

005 - FECHA Y HORA DE LA ÚLTIMA TRANSACCIÓN

  • campo de control: 20250408153024.0

008 - DATOS DE LONGITUD FIJA

  • campo de control de longitud fija: 250408n| fcnnnbabn | ana |d

035 ## - NÚMERO DE CONTROL DEL SISTEMA

  • Número de control del sistema: UPN10000021338

040 ## - FUENTE DE LA CATALOGACIÓN

  • Centro catalogador de origen: MX-MxUPN
  • Lengua de catalogación: spa
  • Agencia de transcripción: MX-MxUPN

150 ## - ENCABEZAMIENTO - TEMÁTICO

  • Término de materia o nombre geográfico como elemento inicial: Discriminación
  • Subdivisión geográfica: México

670 ## - FUENTE EN LA QUE SE LOCALIZARON DATOS

  • Cita de la fuente: Autoridades BGTQ, 10 enero 2024 :
  • Información localizada: (Discriminación -- México)

902 ## - CATALOGADOR

  • Catalogador: MCM/081112
  • Catalogador: VíctorGodínez/100124